| 000 | 00656nam a2200193 a 4500 | ||
|---|---|---|---|
| 005 | 20221124063622.0 | ||
| 008 | 011030s1999 r 000 0 eng d | ||
| 020 | _a9688135461 | ||
| 035 | _aUPN01000113621 | ||
| 049 | _aCG | ||
| 050 | 4 |
_aHD5856 M6 _bE5.3 |
|
| 245 | 0 | 0 | _aEncuesta sobre migración en la frontera norte de México 1996-1997. |
| 260 |
_aMéxico : _bSTPS : _bCONAPO : _bEl Colegio de la Frontera Norte, _c1999. |
||
| 300 |
_a351 p. + _ecuestionarios + 2 disquetes de 3 1/2 pulg. |
||
| 650 | 4 |
_aMigración interna _zMéxico _95825 |
|
| 651 | 4 |
_aMéxico _xEmigración e inmigración _97931 |
|
| 650 | 4 |
_aTRABAJO MIGRATORIO _92264 |
|
| 905 | _aLibro | ||
| 999 |
_c87529 _d87529 |
||